|
|
|
|
| LEADER |
01707nam a22002897a 4500 |
| 003 |
GR-PaULI |
| 005 |
20210604165515.0 |
| 008 |
190627s2009 gr f | |||| 00| 0 gre d |
| 952 |
|
|
|0 0
|1 0
|2 ddc
|4 0
|6 304_849000000000000_5_ΟΨΕ
|7 0
|9 233384
|a LISA
|b LISA
|c BSC
|d 2019-06-27
|i 15193
|l 0
|o 304.849 5 ΟΨΕ
|p 025000263167
|r 2019-06-27 00:00:00
|t 1
|w 2019-06-27
|y BK15
|
| 999 |
|
|
|c 141634
|d 141634
|
| 020 |
|
|
|a 97896068340402
|
| 040 |
|
|
|a GR-PaULI
|b gre
|c GR-PaULI
|d GR-AiPI
|e AACR2
|
| 082 |
0 |
4 |
|a 304.849 5
|2 23
|
| 245 |
1 |
0 |
|a Όψεις μετανάστευσης και μεταναστευτικής πολιτικής στην Ελλάδα σήμερα /
|c επιμέλεια Χριστίνα Βαρουξή, Νίκος Σαρρής, Αμαλία Φραγκίσκου ; επιστημονική υπεύθυνη υποέργου Ιωάννα Τσίγκανου .
|
| 260 |
|
|
|a Αθήνα :
|b ΕΚΚΕ,
|c 2009.
|
| 300 |
|
|
|a 388 σ. :
|b πίν. ;
|c 24 εκ.
|
| 490 |
1 |
|
|a Μελέτες - Έρευνες ΕΚΚΕ ;
|v 10
|
| 504 |
|
|
|6 Βιβλιογραφία : σ. 374-375.
|
| 650 |
|
4 |
|a Αποδημία και εποίκηση
|x Κοινωνικές απόψεις
|9 30697
|
| 650 |
|
4 |
|9 11071
|a Μετανάστες
|z Ελλάδα
|
| 651 |
|
4 |
|a Ελλάδα
|x Αποδημία και εποίκηση
|9 104283
|
| 700 |
1 |
|
|9 176655
|a Βαρουξή, Χριστίνα.
|e επιμελήτρια.
|
| 700 |
1 |
|
|9 43817
|a Σαρρής, Νίκος
|e επιμελήτρια.
|
| 700 |
1 |
|
|9 176656
|a Φραγκίσκου, Αμαλία.
|e επιμελήτρια.
|
| 830 |
|
0 |
|a Μελέτες - Έρευνες (Εθνικό Κέντρο Κοινωνικών Ερευνών)
|v 10
|9 176657
|
| 942 |
|
|
|2 ddc
|c BK15
|
| 998 |
|
|
|c ΜΙΧΟΣΤΑΥΡΟΥ
|d 2019-06
|